000 00629cam a2200241 4500
001 309643
003 LC
005 20160317141245.0
008 700602s1970 nyu 000 1 eng
010 _a 73115698
040 _aDLC
_cDLC
_dDLC
050 0 0 _aPZ 4
_b.Su967 1970
082 0 0 _aFIC
_bSu8v 1970
100 1 _aSutton, Henry,
_d1935-
_918760
245 1 0 _aVector /
_cHenry Sutton.
260 _aNew York :
_bBernard Geis Associates,
_cc1970.
300 _a354 p. :
_c18 cm.
350 _a5.95
650 _aFiction.
_9746
906 _a7
_bcbc
_corignew
_du
_encip
_f19
_gy-gencatlg
942 _2lcc
_cBK
999 _c11062
_d11062